| 000 | 00974nam a2200289 i 4500 | ||
|---|---|---|---|
| 003 | DO-SdBNP | ||
| 005 | 20240319110721.0 | ||
| 007 | ta | ||
| 008 | 240315b2023 dr ac||| |||| 00| 0 spa d | ||
| 020 | _a9789945647051 | ||
| 040 |
_aDO-SdBNP _bspa _cBNPHU _erda |
||
| 082 | 4 | _222 | |
| 100 |
_aPimentel, Carmen, _d1964 - _979234 _eautora |
||
| 245 | 1 | 0 |
_aÁmate & Avanza / _cCarmen Pimentel |
| 264 |
_aSanto Domingo : _bBien-etre, _c2023. |
||
| 300 |
_a147 páginas : _bilustraciones, retratos ; _c23 cm. |
||
| 336 |
_2rdacontent _atexto _btxt |
||
| 337 |
_2rdamedia _asin mediación _bn |
||
| 338 |
_2rdacarrier _avolumen _bnc |
||
| 500 | _aReescribe la historia de tu vida después del abuso. | ||
| 504 | _aBibliografía : p. 143-147 | ||
| 505 | _aGuía para padres y madres sobre violencia doméstica. | ||
| 590 | _aInventariado, 2024/BT | ||
| 590 | _aLa biblioteca posee 6 ejemplares dedicado a la biblioteca por la autora. | ||
| 910 | _aBtavárez | ||
| 942 |
_2ddc _cLBS1 |
||
| 999 |
_c56126 _d56126 |
||